Introduction to quantum mechanics / (Record no. 52427)
[ view plain ]
| 000 -LEADER | |
|---|---|
| fixed length control field | 00716nam a22002291 4500 |
| 001 - CONTROL NUMBER | |
| control field | 52427 |
| 003 - CONTROL NUMBER IDENTIFIER | |
| rucl marc code | BD-RJUL |
| 005 - DATE AND TIME OF LATEST TRANSACTION | |
| control field | 20211209075814.0 |
| 008 - FIXED-LENGTH DATA ELEMENTS--GENERAL INFORMATION | |
| fixed length control field | 160920s1960 maua 001 0 eng |
| 035 ## - SYSTEM CONTROL NUMBER | |
| System control number | (BD-RJUL)52547 |
| 040 ## - CATALOGING SOURCE | |
| Original cataloging agency | DLC |
| Transcribing agency | DLC |
| Modifying agency | MYG |
| -- | BD-RJUL |
| Language of cataloging | eng |
| 041 ## - LANGUAGE CODE | |
| Language code of text/sound track or separate title | eng |
| 082 ## - DEWEY DECIMAL CLASSIFICATION NUMBER | |
| Edition number | 23 |
| Classification number | 530.12 |
| Author mark and year | DII 1970 |
| 100 1# - MAIN ENTRY--PERSONAL NAME | |
| Personal name | Dicke, Robert H. |
| Fuller form of name | (Robert Henry) |
| 9 (RLIN) | 156845 |
| 245 10 - TITLE STATEMENT | |
| Title | Introduction to quantum mechanics / |
| Statement of responsibility, etc. | by Robert H. Dicke and James P. Wittke. |
| 260 ## - PUBLICATION, DISTRIBUTION, ETC. (IMPRINT) | |
| Place of publication, distribution, etc. | London : |
| Name of publisher, distributor, etc. | Addison-Wesley Pub. Co. |
| Date of publication, distribution, etc. | c1960 [printing 1961, 1970] |
| 300 ## - PHYSICAL DESCRIPTION | |
| Pagination | xi, 369 p. : |
| Illustrations | ill. ; |
| Size | 24 cm. |
| 500 ## - GENERAL NOTE | |
| General note | Include index |
| 650 #0 - SUBJECT ADDED ENTRY--TOPICAL TERM | |
| Topical term or geographic name as entry element | Quantum theory. |
| 9 (RLIN) | 156846 |
| 700 1# - ADDED ENTRY--PERSONAL NAME | |
| Personal name | Wittke, James P. |
| 942 ## - ADDED ENTRY ELEMENTS (KOHA) | |
| Source of classification or shelving scheme | Dewey Decimal Classification |
| Koha item type | Books |
| Lost status | Source of classification or shelving scheme | Damaged status | Not for loan | Collection code | Permanent Location | Current Location | Shelving location | Date acquired | Source of acquisition | Total Checkouts | Full call number | Date last seen | Copy number | Koha item type | Cost, normal purchase price |
|---|---|---|---|---|---|---|---|---|---|---|---|---|---|---|---|
| Dewey Decimal Classification | Non-fiction | Central Library, University of Rajshahi | Central Library, University of Rajshahi | 27/06/1963 | Zeitlinger | 530.12 DII 1961 | 20/09/2016 | C-2 | Books | ||||||
| Dewey Decimal Classification | Non-fiction | Central Library, University of Rajshahi | Central Library, University of Rajshahi | 27/06/1963 | Zeitlinger | 530.12 DII 1961 | 20/09/2016 | C-3 | Books | 66.00 | |||||
| Dewey Decimal Classification | Non-fiction | Central Library, University of Rajshahi | Central Library, University of Rajshahi | 27/06/1963 | Zeitlinger | 530.12 DII 1961 | 20/09/2016 | C-4 | Books | 66.00 | |||||
| Dewey Decimal Classification | Non-fiction | Central Library, University of Rajshahi | Central Library, University of Rajshahi | 27/06/1963 | Zeitlinger | 530.12 DII 1961 | 20/09/2016 | C-5 | Books | 66.00 | |||||
| Dewey Decimal Classification | Non-fiction | Central Library, University of Rajshahi | Central Library, University of Rajshahi | Provoncial book dept. | 530.12 DII 1970 | 22/09/2016 | C-6 | Books | 38.25 | ||||||
| Dewey Decimal Classification | Non-fiction | Central Library, University of Rajshahi | Central Library, University of Rajshahi | 28/07/1973 | Provincial book depot. | 530.12 DII 1961 | 22/09/2016 | C-7 | Books | 38.25 | |||||
| Dewey Decimal Classification | Non-fiction | Central Library, University of Rajshahi | Central Library, University of Rajshahi | 03/11/1965 | zeitlinger | 530.12 DII 1963 | 27/11/2016 | C-8 | Books | 49.00 | |||||
| Dewey Decimal Classification | Not For Loan | Non-fiction | Central Library, University of Rajshahi | Central Library, University of Rajshahi | Reading Room | 29/01/1963 | Zeitlinger | 530.12 DII 1961 | 15/04/2017 | C-1 | Books | 66.00 |